banner-ar

CIVILISATION MATERIELLE ECONOMIE ET CAPITALISME XV-XVIII SIECLE / (Record no. 24461)

MARC details
000 -الفاتح
حقل البيانات ثابتة الطول 00520nam a2200181Ia 4500
008 - عناصر البيانات ثابتة الطول - معلومات عامة
حقل البيانات ثابتة الطول 140319s9999 xx 000 0 eng d
040 ## - مصدر الفهرسة
وكالة الفهرسة الأصلية GCL /
وكالة النسخ GCL
082 04 - رقم تصنيف ديوى العشرى
رقم التصنيف 330.9033
رقم المادة B C
100 1# - المدخل الرئيسى - إسم شخصى
الإسم الشخصى BRAUDEL, FERNAND
245 10 - بيان العنوان
العنوان CIVILISATION MATERIELLE ECONOMIE ET CAPITALISME XV-XVIII SIECLE /
بيان المسئوليه,etc BRAUDEL, FERNAND
260 ## - PUBLICATION, DISTRIBUTION, ETC. (IMPRINT)
تاريخ النشر أو التوزيع 1979
650 04 - المدخل الاضافى بالموضوع-مصطلح موضوعى
مصطلح موضوعي CIVILIZATION
650 04 - المدخل الاضافى بالموضوع-مصطلح موضوعى
مصطلح موضوعي ECONOMY
650 04 - المدخل الاضافى بالموضوع-مصطلح موضوعى
مصطلح موضوعي GOD ( ISLAM )
650 04 - المدخل الاضافى بالموضوع-مصطلح موضوعى
مصطلح موضوعي REPUBLICAN PARTY ( U.S - 1854 )
942 ## - عناصر المدخل الإضافي( كوها)
مصدر التصنيف او مخطط الترفيف Dewey Decimal Classification
Koha [default] item type كتاب
260 ## - PUBLICATION, DISTRIBUTION, ETC. (IMPRINT)
-- [S.N] :
-- ARMQND COLIN ،
Holdings
حالة التراجع حالة الفقد حالة تلف ليس للاعارة المكان المؤقت الموقع الحالى تاريخ الاكتساب اجمالي اﻻعارات رقم الطلب الباركود تاريخ اخر مشاهدة تاريخ تفعيل السعر نوع وعاء كوها
        مكتبة القاهرة الكبرى مكتبة القاهرة الكبرى 03/26/2014   330.9033\B C 43399 03/26/2014 03/26/2014 كتاب
        مكتبة القاهرة الكبرى مكتبة القاهرة الكبرى 03/26/2014   330.9033\B C 43400 03/26/2014 03/26/2014 كتاب
        مكتبة القاهرة الكبرى مكتبة القاهرة الكبرى 03/26/2014   330.9033\B C 43401 03/26/2014 03/26/2014 كتاب

Powered By

EGPV